[Event "R1 - Muret3 / Auch"]
[Site "Muret FRA"]
[Date "2006.11.26"]
[Round "2"]
[White "Devecchi, Jorge"]
[Black "Phan, Van-Chuong"]
[Result "1-0"]
[WhiteElo "1750"]
[BlackElo "1890"]
[EventDate "2006.??.??"]
[PlyCount "84"]

1.e4 e6 2.d4 d5 3.e5 c5 4.c3 Nc6 5.Nf3 Qb6 6.Bd3 cxd4 7.cxd4 Bd7 8.O-O 
Nxd4 9.Nxd4 Qxd4 10.Nc3 Qxe5 11.Re1 Qd6 12.Nb5 Qb8 13.Qf3 Nf6 14.Bf4 Qc8 
15.Nc7+ Kd8 16.Rac1 Bc6 17.Nxa8 Qxa8 18.Be5 Be7 19.Qg3 Rg8 20.b4 a6 21.Rc2
Kd7 22.a3 Nh5 23.Qf3 g6 24.Qxf7 d4 25.g4 Qf8 26.Qxf8 Bxf8 27.gxh5 gxh5+ 
28.Kf1 Rg5 29.f4 Rg4 30.Be4 Bd6 31.Bxc6+ bxc6 32.Bxd4 Rxf4+ 33.Bf2 Rf3 34.
Re3 Rf5 35.Rh3 e5 36.Ke2 e4 37.Rh4 Rg5 38.Rd2 Kc7 39.Rxe4 Bxh2 40.Re7+ Kc8
41.Rxh7 Be5 42.Kd1 Bb2 1-0

[Event "R1 - Muret3 / Auch"]
[Site "Muret FRA"]
[Date "2006.11.26"]
[Round "2"]
[White "Camilleri, Hervé"]
[Black "Levieux, Pascal"]
[Result "0-1"]
[WhiteElo "1890"]
[BlackElo "2084"]
[EventDate "2006.??.??"]
[PlyCount "88"]

1.d4 Nf6 2.c4 e6 3.Nc3 d5 4.Nf3 c6 5.h3 dxc4 6.a4 Bb4 7.Bg5 Qa5 8.Bd2 Nd5 
9.Qc2 b5 10.e4 Nxc3 11.bxc3 Be7 12.Be2 a6 13.O-O Qc7 14.Rfb1 Bb7 15.Be3 
Nd7 16.e5 h6 17.Nd2 Nb6 18.Bf3 Nd5 19.Bxd5 exd5 20.f4 Qd7 21.f5 a5 22.Rf1 
b4 23.Rae1 b3 24.Qd1 O-O-O 25.e6 Qe8 26.Bf4 f6 27.Nxb3 cxb3 28.Qxb3 c5 29.
Qb6 Qc6 30.Rb1 Bd6 31.Bxd6 Rxd6 32.Qxa5 Qa6 33.Qxc5+ Rc6 34.Qb4 Rc4 35.Qe7
Rc7 36.Qa3 Re8 37.Rb5 g6 38.Rfb1 gxf5 39.Rb6 Qe2 40.Qd6 Ree7 41.Rxb7 Rxb7 
42.Rxb7 Rxb7 43.Qf8+ Kc7 44.e7 Qe3+ 0-1

[Event "R1 - Muret / CEIT"]
[Site "Muret FRA"]
[Date "2006.11.26"]
[Round "2"]
[White "Landes, René"]
[Black "Sylvain, Christophe"]
[Result "0-1"]
[WhiteElo "1760"]
[BlackElo "1620"]
[EventDate "2006.??.??"]
[PlyCount "110"]
[WhiteTeam "CEIT"]
[BlackTeam "Gambit Muret"]

1.g4 Nc6 2.Bg2 d6 3.e3 g6 4.d4 Bg7 5.Nc3 e5 6.d5 Na5 7.e4 Qh4 8.h3 Qd8 9.
Qd3 c6 10.b4 cxd5 11.bxa5 dxe4 12.Bxe4 Nf6 13.Bg5 O-O 14.Nge2 Qxa5 15.Bxf6
Bxf6 16.Qxd6 Be6 17.Qd3 Rad8 18.Qf3 Bg5 19.O-O Bc4 20.Rfd1 Bd2 21.Rxd2 
Rxd2 22.Bd3 Bxd3 23.cxd3 Rd8 24.Qxb7 R8xd3 25.a4 Rxc3 26.Nxc3 Qxc3 27.Rb1 
Qd4 28.Rf1 Ra2 29.Qb5 Rxa4 30.Re1 Ra2 31.Qe8+ Kg7 32.Qxe5+ Qxe5 33.Rxe5 
Kf6 34.Rc5 Re2 35.Rc8 Re7 36.Kg2 Rd7 37.h4 a5 38.Ra8 Rd5 39.Kg3 Ke5 40.Ra7
Kf6 41.Ra6+ Kg7 42.Ra7 h5 43.g5 Rf5 44.Ra8 Kh7 45.Ra7 Kg8 46.Ra8+ Kg7 47.
f3 Rb5 48.Kg2 Rb4 49.Kg3 a4 50.Kh3 Rb3 51.Kg3 a3 52.Kg2 Rb2+ 53.Kg1 a2 54.
Kh1 Rb1+ 55.Kg2 a1=Q 0-1

[Event "R1 - Muret / CEIT"]
[Site "Muret FRA"]
[Date "2006.11.26"]
[Round "2"]
[White "Grimmer, Eric"]
[Black "Muneret, Maurice"]
[Result "0-1"]
[WhiteElo "1599"]
[BlackElo "1699"]
[EventDate "2006.??.??"]
[PlyCount "108"]
[WhiteTeam "Gambit Muret"]
[BlackTeam "CEIT"]

1.e4 d6 2.Nc3 Nf6 3.Bc4 c6 4.Nf3 Nbd7 5.Ng5 Ne5 6.Bb3 h6 7.Nf3 Nxf3+ 8.
Qxf3 e5 9.Ba4 Bg4 10.Qg3 Be6 11.Qd3 Be7 12.Nd5 Nd7 13.Nxe7 Qxe7 14.b3 b5 
15.Bxb5 cxb5 16.Qxb5 O-O 17.Qd3 f5 18.Ba3 Nc5 19.Qe3 f4 20.Qf3 Rac8 21.c3 
Rfd8 22.d4 exd4 23.cxd4 Nd7 24.e5 Qf7 25.Bxd6 Rc2 26.O-O Rdc8 27.Rad1 Nb6 
28.a4 R8c3 29.Qe4 Bd5 30.Qe1 Bxb3 31.Bb4 Rc8 32.a5 Nd7 33.Qe4 Bd5 34.Qe1 
Nf8 35.Rb1 Ng6 36.f3 Ne7 37.Bd6 Nf5 38.e6 Qxe6 39.Bxf4 Qxe1 40.Rfxe1 Kf7 
41.Re5 Ne7 42.Rbe1 R8c7 43.g4 Bxf3 44.g5 Rd7 45.gxh6 gxh6 46.Bxh6 Rg2+ 47.
Kf1 Rxh2 48.d5 Rh1+ 49.Kf2 Rxe1 50.Kxe1 Rxd5 51.Re3 Bh5 52.Bf4 Rxa5 53.Bd6
Nf5 54.Bb4 Ra1+ 0-1

[Event "R1 - Muret / CEIT"]
[Site "Muret FRA"]
[Date "2006.11.26"]
[Round "2"]
[White "Freshmater, James"]
[Black "Pigiere, Dominique"]
[Result "0-1"]
[WhiteElo "1120"]
[BlackElo "1690"]
[EventDate "2006.??.??"]
[PlyCount "76"]
[WhiteTeam "Gambit Muret"]
[BlackTeam "CEIT"]

1.d4 Nf6 2.c4 c6 3.Nc3 d5 4.c5 g6 5.Bf4 Bg7 6.Nf3 O-O 7.e3 Nh5 8.Be5 f6 9.
Bxb8 Rxb8 10.b4 Qc7 11.a4 e5 12.Be2 Bh6 13.b5 e4 14.Nd2 Ng7 15.a5 f5 16.b6
axb6 17.axb6 Qf7 18.Qa4 f4 19.O-O Qe7 20.Qa7 Be6 21.exf4 Bxf4 22.Nb3 Nf5 
23.Bg4 Ng7 24.Bxe6+ Nxe6 25.Ne2 Bh6 26.Na5 Qg7 27.Nb3 Rbe8 28.Rfd1 Re7 29.
h3 Ref7 30.Rf1 Qf6 31.Qa2 Qh4 32.Ng3 e3 33.Qb2 exf2+ 34.Rxf2 Qxg3 35.Raf1 
Be3 36.Nc1 Rxf2 37.Rxf2 Rxf2 38.Ne2 Qxg2# 0-1

[Event "R1 - Muret / CEIT"]
[Site "Muret FRA"]
[Date "2006.11.26"]
[Round "2"]
[White "Doyen, Jean-Marie"]
[Black "Bedel, Jean"]
[Result "0-1"]
[WhiteElo "1649"]
[BlackElo "1780"]
[EventDate "2006.??.??"]
[PlyCount "100"]
[WhiteTeam "Gambit Muret"]
[BlackTeam "CEIT"]

1.d4 d5 2.c4 dxc4 3.Nc3 Nf6 4.e3 Bf5 5.Bxc4 e6 6.a3 c5 7.Nge2 Nc6 8.O-O a6
9.dxc5 Bxc5 10.Ng3 Bg6 11.b4 Bd6 12.e4 Be5 13.Bb2 Qc7 14.Qe2 Nd4 15.Qd1 
Qxc4 16.Rb1 Rd8 17.Qa4+ Nc6 18.Nce2 Bxb2 19.Rxb2 Nxe4 20.Rc1 Nc5 21.Qxc6+ 
bxc6 22.Rxc4 Rd1+ 23.Nf1 Na4 24.Rb3 Ke7 25.Rxc6 Rhd8 26.Ng3 Bd3 27.f3 h5 
28.Rc7+ Rd7 29.Rxd7+ Kxd7 30.h4 f5 31.Kf2 f4 32.Ne2 e5 33.g3 Bc4 34.Rb1 
Bxe2 35.Rxd1+ Bxd1 36.gxf4 exf4 37.Nd2 Nb2 38.Nb1 Kd6 39.Nc3 Bc2 40.Ke1 
Nc4 41.a4 Nb6 42.a5 Na4 43.Ne2 Ke5 44.Kd2 Bf5 45.Nc3 Nxc3 46.Kxc3 Kd5 47.
b5 axb5 48.a6 Bc8 49.a7 Bb7 50.Kb4 Kd4 0-1

[Event "R1 - Muret / CEIT"]
[Site "Muret FRA"]
[Date "2006.11.26"]
[Round "2"]
[White "Dia, Hussein"]
[Black "Boschetti, Patrick"]
[Result "1-0"]
[WhiteElo "1699"]
[BlackElo "1499"]
[EventDate "2006.??.??"]
[PlyCount "89"]
[WhiteTeam "CEIT"]
[BlackTeam "Gambit Muret"]

1.e4 e5 2.f4 d5 3.exd5 Qxd5 4.Nc3 Qe6 5.fxe5 Nc6 6.d4 Qg4 7.Nf3 Be7 8.Nb5 
Bd8 9.d5 a6 10.dxc6 axb5 11.cxb7 Bxb7 12.Bxb5+ Kf8 13.O-O Nh6 14.Qe2 c6 
15.Bc4 Bb6+ 16.Kh1 Re8 17.e6 Re7 18.Bxh6 gxh6 19.Qe5 Rg8 20.Qb8+ Re8 21.
e7+ Kg7 22.Qe5+ f6 23.Qe2 Bc5 24.Bxg8 Rxe7 25.Qc4 Qxc4 26.Bxc4 Bc8 27.Rae1
Bf5 28.Rxe7+ Bxe7 29.Nd4 Bd7 30.Nf5+ Bxf5 31.Rxf5 c5 32.Rf4 h5 33.a4 Bd6 
34.Rf5 Be5 35.Rxe5 fxe5 36.a5 e4 37.a6 e3 38.a7 h4 39.a8=Q h3 40.g4 Kf6 
41.Qe4 h5 42.Qe6+ Kg5 43.Qf5+ Kh6 44.gxh5 e2 45.Qg6# 1-0

[Event "R1 - Muret / CEIT"]
[Site "Muret FRA"]
[Date "2006.11.26"]
[Round "2"]
[White "Benayoun, David"]
[Black "Ribeiro, Alexandre"]
[Result "1-0"]
[WhiteElo "1670"]
[BlackElo "1030"]
[EventDate "2006.??.??"]
[PlyCount "27"]
[WhiteTeam "CEIT"]
[BlackTeam "Gambit Muret"]

1.c4 e5 2.Nc3 Nc6 3.g3 Nge7 4.Bg2 d6 5.e4 g6 6.Nd5 Ng8 7.Nf3 Be6 8.O-O Qd7
9.d4 exd4 10.Nxd4 Bg4 11.Qd3 Nxd4 12.Qxd4 O-O-O 13.Qxh8 Qe7 14.Nxe7+ 1-0

[Event "R1 - Muret / CD Muret"]
[Site "CD Muret"]
[Date "2006.11.26"]
[Round "2"]
[White "Fora, Jean-Paul"]
[Black "Elbakkouri, Abdelibh"]
[Result "1-0"]
[WhiteElo "1650"]
[BlackElo "1499"]
[EventDate "2006.??.??"]
[PlyCount "153"]
[WhiteTeam "Gambit Muret"]
[BlackTeam "L.E. de Muret"]

1.c4 Nf6 2.Nc3 e6 3.e4 Bb4 4.Qc2 e5 5.d3 O-O 6.Nf3 Be7 7.Nxe5 Nc6 8.Bf4 
Nh5 9.Nxc6 dxc6 10.Be3 Bd6 11.Be2 Nf4 12.Bf3 Qf6 13.Ne2 Bb4+ 14.Bd2 Bxd2+ 
15.Qxd2 Ne6 16.O-O c5 17.Rab1 Nd4 18.Nxd4 cxd4 19.b4 Rb8 20.a4 Bd7 21.b5 
b6 22.a5 c5 23.bxc6 Qxc6 24.axb6 axb6 25.Rfc1 Qe6 26.Qb4 Rfc8 27.Be2 f5 
28.f3 Qg6 29.Bf1 Rc5 30.Qd2 Rf8 31.Rb2 f4 32.Rcb1 Rc6 33.Rb4 Rff6 34.Ra1 
Qh5 35.Ra8+ Bc8 36.Qa2 Kh8 37.Rb5 Qe8 38.Qa1 Rfd6 39.Rb8 h6 40.Qb2 Qd8 41.
Qd2 g5 42.Qa2 Kg7 43.Ra8 Kg6 44.Rb3 Rc7 45.Rba3 Qe7 46.R8a7 Kh5 47.Rxc7 
Qxc7 48.Ra7 Qc6 49.Be2 Rg6 50.Qb2 Qd6 51.Qd2 g4 52.Rf7 Kg5 53.fxg4 Bxg4 
54.Bxg4 Kxg4 55.h3+ Kg5 56.Rf5+ Kh4 57.Qe2 Rg5 58.Qf2+ Kh5 59.Qf3+ Kg6 60.
Qxf4 Qxf4 61.Rxf4 Ra5 62.Rf3 Ra1+ 63.Kh2 Rb1 64.Kg3 Ra1 65.Kg4 Ra5 66.h4 
h5+ 67.Kf4 Ra2 68.Rg3+ Kf6 69.e5+ Ke6 70.Rg6+ Kf7 71.Rg5 Rf2+ 72.Ke4 Re2+ 
73.Kxd4 Rc2 74.Kd5 Rd2 75.d4 Rd1 76.Rxh5 Rh1 77.Rg5 1-0

[Event "R1 - Figeac / Montech"]
[Site "Figeac"]
[Date "2006.11.26"]
[Round "2"]
[White "Wacker, Antoine"]
[Black "Hegray, Charlie"]
[Result "0-1"]
[WhiteElo "1410"]
[BlackElo "1560"]
[EventDate "2006.??.??"]
[PlyCount "126"]

1.e4 e6 2.Nh3 e5 3.d4 Nc6 4.d5 Nce7 5.Bc4 d6 6.Nc3 Nf6 7.f3 h6 8.Be3 Bd7 
9.a4 a6 10.b3 c5 11.Nf2 Ng6 12.Qd2 Be7 13.Nd3 Nh5 14.O-O-O Nhf4 15.Rhg1 
Nxd3+ 16.Bxd3 Nf4 17.Bc4 Qa5 18.Kb2 b5 19.axb5 axb5 20.Ra1 Qd8 21.Rxa8 
Qxa8 22.Bxb5 Bxb5 23.Nxb5 O-O 24.g3 Nh3 25.Ra1 Qb7 26.Qd3 Ng5 27.Ra7 Qb6 
28.Rxe7 Nxf3 29.h4 Ra8 30.Rd7 Qa5 31.Ra7 Rxa7 32.Nxa7 Qxa7 33.Bxh6 gxh6 
34.Qxf3 c4 35.Qf6 Qd4+ 36.c3 Qd2+ 37.Ka3 Qxc3 38.Qd8+ Kg7 39.Qb6 Qc1+ 40.
Kb4 c3 41.Qxd6 c2 42.Qxe5+ Kg8 43.Qe8+ Kg7 44.Qe5+ Kh7 45.Qc3 Qd1 46.Kc4 
c1=Q 47.Qxc1 Qxc1+ 48.Kd4 Qg1+ 49.Kc4 Qxg3 50.b4 Qxh4 51.d6 Qxe4+ 52.Kc5 
Qe5+ 53.Kc6 Qc3+ 54.Kb5 h5 55.d7 Qd3+ 56.Ka5 Qxd7 57.b5 h4 58.b6 Qb7 59.
Ka4 h3 60.Kb3 h2 61.Ka2 Qxb6 62.Ka3 h1=Q 63.Ka2 Qhb1+ 0-1

[Event "R1 - Figeac / Montech"]
[Site "Figeac"]
[Date "2006.11.26"]
[Round "2"]
[White "Vuaillat, Jack"]
[Black "Luis, Henri"]
[Result "1/2-1/2"]
[WhiteElo "1899"]
[BlackElo "1780"]
[EventDate "2006.??.??"]
[PlyCount "55"]

1.Nf3 c5 2.d4 cxd4 3.Nxd4 Nf6 4.Nc3 Nc6 5.e3 e5 6.Nb3 Bb4 7.Bd2 O-O 8.a3 
Ba5 9.Be2 d5 10.O-O Bc7 11.Nb5 Bb6 12.a4 a6 13.Na3 Bf5 14.c3 Qd6 15.Be1 
Rad8 16.Bf3 e4 17.Be2 Bc7 18.g3 Bh3 19.Bd2 Bxf1 20.Qxf1 Ne5 21.Rd1 Qb6 22.
Nd4 Qxb2 23.Nac2 Qa2 24.Ra1 Qb2 25.Rb1 Qa2 26.Ra1 Qb2 27.Rb1 Qa2 28.Ra1 
1/2-1/2

[Event "R1 - Figeac / Montech"]
[Site "Figeac"]
[Date "2006.11.26"]
[Round "2"]
[White "Jay, Georges"]
[Black "Sauty, Francis"]
[Result "1-0"]
[WhiteElo "1499"]
[BlackElo "1310"]
[EventDate "2006.??.??"]
[PlyCount "86"]

1.e4 d6 2.Nf3 Nf6 3.Nc3 g6 4.d4 Bg7 5.Bf4 O-O 6.h3 b6 7.Bc4 h6 8.h4 Bb7 9.
Qe2 e6 10.O-O-O a6 11.e5 Nd5 12.Bd2 c5 13.Qe4 Nxc3 14.Qxb7 Nxa2+ 15.Bxa2 
Nd7 16.Qe4 d5 17.Qe2 c4 18.c3 b5 19.g4 f6 20.g5 fxg5 21.hxg5 h5 22.Nh4 Kf7
23.Bb1 Qa5 24.Nxg6 Rg8 25.Qxh5 Ke8 26.Nf4+ Kd8 27.Nxe6+ Kc8 28.Nxg7 Rxg7 
29.Qh8+ Kb7 30.Qxg7 Qc7 31.Bf5 a5 32.Be6 Nb6 33.Qxc7+ Kxc7 34.Rh7+ Kc6 35.
Rdh1 b4 36.R1h6 Kb5 37.Bd7+ Ka6 38.Be6 Rb8 39.Bxd5 Kb5 40.Be6 Ka6 41.Bf4 
Rf8 42.Bf7 Kb5 43.Rf6 Rd8 1-0

[Event "R1 - Figeac / Montech"]
[Site "Figeac"]
[Date "2006.11.26"]
[Round "2"]
[White "Hegray, Romain"]
[Black "Jourda, Dominique"]
[Result "1-0"]
[WhiteElo "1750"]
[BlackElo "1699"]
[EventDate "2006.??.??"]
[PlyCount "59"]

1.e4 c6 2.d4 d5 3.e5 Bf5 4.c4 e6 5.Bd2 Nd7 6.c5 b6 7.b4 a5 8.h4 axb4 9.g4 
Bxb1 10.Rxb1 bxc5 11.dxc5 Nxe5 12.Bxb4 Rxa2 13.Qd4 Nd7 14.Rh3 Ra8 15.Nf3 
Ngf6 16.Ne5 Nxe5 17.Qxe5 Nxg4 18.Qf4 Nf6 19.Rhb3 Nd7 20.Be2 Be7 21.Bc3 f6 
22.Kf1 e5 23.Qg4 g6 24.Qe6 Rc8 25.Rb7 Nxc5 26.Rxe7+ Qxe7 27.Qxc8+ Qd8 28.
Qxc6+ Nd7 29.Qe6+ Kf8 30.Rb7 1-0

[Event "R1 - Figeac / Montech"]
[Site "Figeac"]
[Date "2006.11.26"]
[Round "2"]
[White "Haezebaert, Philippe"]
[Black "Bengueneb, Smain"]
[Result "1-0"]
[WhiteElo "2024"]
[BlackElo "1899"]
[EventDate "2006.??.??"]
[PlyCount "67"]

1.e4 e5 2.Nc3 Nf6 3.Nf3 Nc6 4.d4 exd4 5.Nd5 Bc5 6.Bg5 h6 7.Bxf6 gxf6 8.Qd2
d6 9.Qf4 f5 10.O-O-O Be6 11.Bc4 Bxd5 12.exd5 Ne7 13.Rhe1 Qd7 14.Qh4 O-O-O 
15.Rxe7 Qa4 16.Bb3 Qb4 17.Nxd4 Rde8 18.c3 Qb6 19.Qf6 a5 20.Ba4 Rd8 21.Rde1
Bxd4 22.cxd4 Rhf8 23.Rxf7 Rg8 24.Ree7 Qa6 25.Rxc7+ Kb8 26.Rxb7+ Qxb7 27.
Rxb7+ Kxb7 28.Bc6+ Kb6 29.Qe7 Rb8 30.Qxd6 Ka7 31.a4 Rgc8 32.Qc5+ Ka6 33.d6
Rb6 34.d5 1-0

[Event "R1 - Figeac / Montech"]
[Site "Figeac"]
[Date "2006.11.26"]
[Round "2"]
[White "Desquines, Charles"]
[Black "Paillard, Jean"]
[Result "0-1"]
[WhiteElo "1380"]
[BlackElo "1340"]
[EventDate "2006.??.??"]
[PlyCount "126"]

1.d4 e6 2.c4 Be7 3.Nc3 c6 4.Bd2 d5 5.e3 Nf6 6.Nf3 O-O 7.Bd3 Ne8 8.Qc2 f5 
9.Ne5 Nd7 10.Nxd7 Bxd7 11.O-O-O b6 12.Rdf1 a5 13.Kb1 Nc7 14.g4 Na6 15.Bc1 
Nb4 16.Qe2 Nxd3 17.Qxd3 dxc4 18.Qxc4 b5 19.Qe2 a4 20.f4 b4 21.Nd1 fxg4 22.
Qxg4 e5 23.Qe2 exf4 24.Rxf4 Rxf4 25.exf4 Bf5+ 26.Ka1 Bf6 27.Qc4+ Kh8 28.
Be3 Be4 29.Rg1 Rb8 30.Nf2 Bd5 31.Qd3 Qe7 32.Ng4 Be4 33.Qc4 Bd5 34.Qd3 Qe4 
35.Qxe4 Bxe4 36.Ne5 Re8 37.Rc1 Kg8 38.Bd2 Re6 39.Bxb4 Be7 40.Bxe7 Rxe7 41.
Re1 Bd5 42.Kb1 Re6 43.a3 Rf6 44.Rc1 Rxf4 45.Ka1 Rxd4 46.Rf1 Re4 47.Nd7 Kh8
48.Nc5 Rc4 49.Nd7 h6 50.Nb6 Rd4 51.Nxd5 cxd5 52.Kb1 g5 53.Kc2 Kg7 54.Rf2 
Kg6 55.Kc3 Rf4 56.Rd2 Rc4+ 57.Kd3 Kf5 58.Re2 Re4 59.Rf2+ Rf4 60.Re2 g4 61.
Re8 h5 62.Rf8+ Kg5 63.h4+ gxh3 0-1

[Event "R1 - Castres / Blaye"]
[Site "castres"]
[Date "2006.11.26"]
[Round "2"]
[White "Valat, Jean-Marie"]
[Black "Le Men, Yves"]
[Result "0-1"]
[WhiteElo "1700"]
[BlackElo "1720"]
[EventDate "2006.??.??"]
[PlyCount "71"]
[WhiteTeam "blaye"]
[BlackTeam "castres"]

1.e4 e6 2.Nf3 d5 3.exd5 exd5 4.d4 Bd6 5.Be3 Ne7 6.Nc3 c6 7.Bd3 O-O 8.h3 
Be6 9.g4 b5 10.Qd2 b4 11.Ne2 a5 12.Ng5 g6 13.Nxe6 fxe6 14.Bh6 Rf7 15.h4 e5
16.h5 e4 17.Nf4 Bxf4 18.Bxf4 exd3 19.cxd3 Qd7 20.Rg1 Qe6+ 21.Be5 Nd7 22.
O-O-O Nxe5 23.dxe5 Raf8 24.Rg2 Qxe5 25.Re1 Qd4 26.Re2 Rf3 27.Kc2 Qc5+ 28.
Kb1 d4 29.Qe1 Nd5 30.Re5 a4 31.hxg6 hxg6 32.Qe4 Kg7 33.Rf5 b3 34.Qe5+ Rf6 
35.Rxf6 Rxf6 36.g5 0-1

[Event "R1 - Castres / Blaye"]
[Site "castres"]
[Date "2006.11.26"]
[Round "2"]
[White "Schertzer, Jéremy"]
[Black "Sandel, Frédéric"]
[Result "1-0"]
[WhiteElo "1540"]
[BlackElo "1500"]
[EventDate "2006.??.??"]
[PlyCount "115"]
[WhiteTeam "blaye"]
[BlackTeam "castres"]

1.d4 f5 2.Bf4 Nf6 3.Nc3 d5 4.Nf3 e6 5.Nb5 Na6 6.e3 c6 7.Nc3 b5 8.Bd3 Nc7 
9.O-O a6 10.Ne5 Bb7 11.h3 Be7 12.g4 fxg4 13.hxg4 O-O 14.g5 Nd7 15.Qh5 Rf5 
16.Bxf5 exf5 17.Qf7+ Kh8 18.Qxf5 Nxe5 19.Bxe5 Kg8 20.g6 hxg6 21.Qxg6 Bf6 
22.Bxf6 Qxf6 23.Qxf6 gxf6 24.Kg2 Kf7 25.Kf3 Bc8 26.Rh1 Bf5 27.e4 dxe4+ 28.
Nxe4 Ke6 29.Rae1 Bg6 30.Rh6 Rg8 31.c3 Nd5 32.Nc5+ Kf5 33.Rh4 Kg5 34.Ne4+ 
Kf5 35.Nd6+ Kg5 36.Rg4+ Kh6 37.Nf5+ Bxf5 38.Rxg8 Kh7 39.Rg2 Bg6 40.Rh1+ 
Kg7 41.Rhg1 Ne7 42.b3 Kf7 43.Rxg6 Nxg6 44.Ke4 Ne7 45.c4 Ke6 46.Rd1 Kd6 47.
a4 b4 48.a5 c5 49.d5 Nc8 50.Rh1 Kd7 51.Kf5 Nd6+ 52.Kxf6 Ne4+ 53.Kf5 Nd6+ 
54.Ke5 Nf7+ 55.Kf6 Nd6 56.Rh7+ Kd8 57.Ke6 Ne8 58.Rh8 1-0

[Event "R1 - Castres / Blaye"]
[Site "castres"]
[Date "2006.11.26"]
[Round "2"]
[White "Scandella, Thierry"]
[Black "Arlabosse, Nicolas"]
[Result "1-0"]
[WhiteElo "2030"]
[BlackElo "1884"]
[EventDate "2006.??.??"]
[PlyCount "57"]
[WhiteTeam "castres"]
[BlackTeam "blaye"]

1.Nf3 c5 2.g3 Nc6 3.Bg2 d5 4.d4 e6 5.O-O Nf6 6.Nc3 a6 7.b3 cxd4 8.Nxd4 Bc5
9.e3 Bd7 10.Bb2 h5 11.Nf3 Qc7 12.Rc1 b5 13.Qe2 Rd8 14.Nb1 b4 15.c4 bxc3 
16.Nxc3 Qa7 17.h3 Kf8 18.Rfd1 Be7 19.e4 d4 20.e5 dxc3 21.exf6 Bxf6 22.Bxc3
Bxc3 23.Rxc3 Ke7 24.Qd2 Rc8 25.Qd6+ Ke8 26.Ne5 Ne7 27.Rxc8+ Nxc8 28.Qxd7+ 
Qxd7 29.Nxd7 1-0

[Event "R1 - Castres / Blaye"]
[Site "castres"]
[Date "2006.11.26"]
[Round "2"]
[White "Guillet, Yvan"]
[Black "Imhoff, Francois"]
[Result "1-0"]
[WhiteElo "1499"]
[BlackElo "1440"]
[EventDate "2006.??.??"]
[PlyCount "105"]
[WhiteTeam "castres"]
[BlackTeam "blaye"]

1.e4 e5 2.Nf3 Nf6 3.Bc4 d5 4.exd5 e4 5.Ng1 Bc5 6.h3 Nxd5 7.d4 exd3 8.Qxd3 
Qe7+ 9.Ne2 Be6 10.Bxd5 Bxd5 11.Qxd5 Nc6 12.Qg5 f6 13.Qh5+ g6 14.Qg4 f5 15.
Qg5 Qe6 16.Nc3 Be7 17.Qe3 Qd6 18.O-O O-O-O 19.Nb5 Qd1 20.Nec3 Qxc2 21.
Nxa7+ Nxa7 22.Qxa7 Bd6 23.Qa8+ Kd7 24.Qa4+ Qxa4 25.Nxa4 Rhe8 26.Bg5 Ra8 
27.Nc3 Ra5 28.Rfd1 Rae5 29.Kf1 R5e6 30.Nb5 Kc8 31.Nxd6+ cxd6 32.Rac1+ Kb8 
33.Rd5 Re2 34.Be3 Rxb2 35.Ra5 b6 36.Ra3 Kb7 37.Rb3 Rxb3 38.axb3 Ra8 39.Ke2
Re8 40.Kd3 Re4 41.g3 Ka6 42.Rc6 Rb4 43.Kc3 Rb5 44.Rxd6 Ka5 45.Rd7 Ka6 46.
Rxh7 Rd5 47.Rh8 Kb7 48.Re8 Rd6 49.Kc4 Kc7 50.Re7+ Kc6 51.Bf4 b5+ 52.Kc3 
Rd1 53.Re6+ 1-0

[Event "R1 - Castres / Blaye"]
[Site "castres"]
[Date "2006.11.26"]
[Round "2"]
[White "Buiten, Herman"]
[Black "Santoul, Pascal"]
[Result "1-0"]
[WhiteElo "1740"]
[BlackElo "1780"]
[EventDate "2006.??.??"]
[PlyCount "89"]
[WhiteTeam "castres"]
[BlackTeam "blaye"]

1.b4 e5 2.Bb2 d6 3.e3 Be7 4.Nf3 Nf6 5.Be2 Bf5 6.O-O Nbd7 7.d3 O-O 8.e4 Bg4
9.a3 b6 10.c4 c5 11.b5 a5 12.a4 Nh5 13.Re1 Nf4 14.Bf1 f5 15.Nc3 Ng6 16.Be2
f4 17.Nd2 Bxe2 18.Qxe2 Bg5 19.Nf3 Nh4 20.Nd5 Nf6 21.Nxg5 Nxd5 22.Qh5 h6 
23.Ne6 Qe7 24.cxd5 Rf7 25.Rf1 Re8 26.f3 Kh7 27.g3 Ng6 28.g4 Qh4 29.Qxh4 
Nxh4 30.Kf2 g5 31.h3 Kg6 32.Rac1 Ree7 33.Bc3 Ra7 34.Rg1 Kf6 35.Ke2 Ra8 36.
Be1 Ng6 37.Rh1 Rh8 38.Bf2 Rfh7 39.Rcg1 h5 40.gxh5 Rxh5 41.Rh2 Nh4 42.Rg4 
Kg6 43.Rh1 Kf6 44.Rhg1 Rg8 45.Bxh4 1-0

[Event "N4 Villeneuve Tolosane-Condom 3"]
[Site "Condom"]
[Date "2006.11.26"]
[Round "2.2"]
[White "Vandervorst, Jean-Marc"]
[Black "Cesbron, Guy"]
[Result "0-1"]
[WhiteElo "2079"]
[BlackElo "2104"]
[EventDate "2006.??.??"]
[PlyCount "78"]

1.d4 e6 2.Nf3 f5 3.Bf4 Nf6 4.e3 d5 5.Nbd2 Bd6 6.Ne5 O-O 7.Bd3 Ne4 8.Ndf3 
Nd7 9.O-O g5 10.Nxd7 Bxd7 11.Bxd6 cxd6 12.c3 g4 13.Bxe4 fxe4 14.Nd2 Qh4 
15.c4 Rf6 16.Qb3 Bc6 17.cxd5 Bxd5 18.Qc2 Rh6 19.h3 Rf8 20.Qd1 Rg6 21.Qe1 
Rf3 22.Rc1 Rxh3 23.gxh3 Qxh3 24.Rc8+ Kg7 25.Qc1 g3 26.Rc7+ Kh6 27.Nf3 exf3
28.e4+ Rg5 29.Qxg5+ Kxg5 30.Rg7+ Kf4 31.Rxg3 Qh5 32.exd5 Qxd5 33.Re1 e5 
34.dxe5 dxe5 35.b3 Qd2 36.Rf1 Qxa2 37.Rd1 Qxb3 38.Rd7 a5 39.Rxh7 Qb1+ 0-1

[Event "N4 Villeneuve Tolosane-Condom 3"]
[Site "Condom"]
[Date "2006.11.26"]
[Round "2"]
[White "Zarrouati, Pierre"]
[Black "Bedue, Julien"]
[Result "1/2-1/2"]
[WhiteElo "2153"]
[BlackElo "2122"]
[EventDate "2006.??.??"]
[PlyCount "114"]

1.d4 c5 2.Nf3 cxd4 3.Nxd4 e5 4.Nf3 Nf6 5.c4 Bc5 6.Nc3 d6 7.e3 O-O 8.Be2 
Nc6 9.O-O Bf5 10.a3 Ne4 11.Na4 Qf6 12.b4 Bb6 13.Nxb6 axb6 14.Bb2 Rfd8 15.
Qe1 Rd7 16.Rd1 Rad8 17.Kh1 h5 18.Ng1 h4 19.f3 Ng5 20.Qxh4 Qg6 21.Rd2 f6 
22.g4 Bc2 23.Rc1 Ba4 24.Nh3 e4 25.Nf4 Qe8 26.Qf2 Ne5 27.Bxe5 dxe5 28.Nd5 
exf3 29.Bxf3 e4 30.Be2 b5 31.Qf5 bxc4 32.Bxc4 Kh8 33.Rd4 Rd6 34.Nf4 Rxd4 
35.exd4 e3 36.h4 Qe4+ 37.Qxe4 Nxe4 38.Be6 Rxd4 39.Rc8+ Kh7 40.Bg8+ Kh6 41.
Bb3 Nf2+ 42.Kh2 Rxf4 43.Bxa4 Rxg4 44.Rh8+ Kg6 45.Be8+ Kf5 46.Bd7+ Kf4 47.
Bxg4 Kxg4 48.Kg2 Nd3 49.Re8 Nf4+ 50.Kf1 Kf3 51.b5 g5 52.hxg5 fxg5 53.a4 
e2+ 54.Ke1 g4 55.Rf8 g3 56.Rxf4+ Kxf4 57.Kxe2 Ke4 1/2-1/2

[Event "N4 Villeneuve Tolosane-Condom 3"]
[Site "Condom"]
[Date "2006.11.26"]
[Round "2"]
[White "Tauziede, Jean Pierre"]
[Black "Breton, Yves"]
[Result "0-1"]
[WhiteElo "1690"]
[BlackElo "1940"]
[EventDate "2006.??.??"]
[PlyCount "78"]

1.e4 e6 2.d4 d5 3.e5 c5 4.c3 Nc6 5.Nf3 cxd4 6.cxd4 Nge7 7.Bd3 Nf5 8.O-O 
Bd7 9.Bxf5 exf5 10.Nc3 Be6 11.Re1 Be7 12.b3 g5 13.h3 h5 14.Nh2 g4 15.hxg4 
hxg4 16.Bf4 Bg5 17.Qd2 Bxf4 18.Qxf4 Qh4 19.Rad1 O-O-O 20.Qg3 Qh6 21.Ne2 
Ne7 22.Nf4 Ng6 23.Nxg6 fxg6 24.f4 Rd7 25.Nf1 Rdh7 26.Kf2 g5 27.fxg5 Qxg5 
28.Rc1+ Kb8 29.Ke2 f4 30.Qc3 f3+ 31.gxf3 gxf3+ 32.Kd1 f2 33.Re3 Bg4+ 34.
Kd2 Rc8 35.Qb2 Rxc1 36.Qxc1 Rc7 37.Qb2 Bf5 38.Qa3 Rc2+ 39.Kd1 Qg4+ 0-1

[Event "N4 Villeneuve Tolosane-Condom 3"]
[Site "Condom"]
[Date "2006.11.26"]
[Round "2"]
[White "Saubiette, Jean Michel"]
[Black "Gonzalez, Francois"]
[Result "1-0"]
[WhiteElo "1770"]
[BlackElo "1580"]
[EventDate "2006.??.??"]
[PlyCount "101"]

1.e4 c5 2.c3 d6 3.d4 cxd4 4.cxd4 Nf6 5.Nc3 e6 6.Nf3 Be7 7.Bd3 Nc6 8.O-O a6
9.a4 b6 10.Re1 O-O 11.Bf4 Qc7 12.Rc1 Qb7 13.e5 dxe5 14.dxe5 Nd5 15.Nxd5 
exd5 16.Bb1 Be6 17.Qc2 g6 18.Qxc6 Qxc6 19.Rxc6 Bc5 20.Be3 Rfc8 21.Rxc8+ 
Rxc8 22.Rc1 Kg7 23.Bxc5 bxc5 24.b4 cxb4 25.Rxc8 Bxc8 26.Ba2 Be6 27.Kf1 a5 
28.Nd4 h6 29.Ke2 Bd7 30.Bb3 g5 31.Ke3 Kf8 32.g3 Ke7 33.Nb5 Be6 34.f4 d4+ 
35.Nxd4 gxf4+ 36.gxf4 Bxb3 37.Nxb3 f6 38.Nxa5 Ke6 39.exf6 Kxf6 40.Ke4 Ke6 
41.Nb3 Kd6 42.f5 h5 43.h4 Kd7 44.Ke5 Ke7 45.a5 Kd7 46.f6 Ke8 47.a6 Kd7 48.
a7 Ke8 49.a8=Q+ Kd7 50.Qb7+ Kd8 51.Kd4 1-0

[Event "N4 Villeneuve Tolosane-Condom 3"]
[Site "Condom"]
[Date "2006.11.26"]
[Round "2"]
[White "Saubiette, Cyrille"]
[Black "Porche, Christian"]
[Result "1-0"]
[WhiteElo "1840"]
[BlackElo "1710"]
[EventDate "2006.??.??"]
[PlyCount "79"]

1.d4 d5 2.Bf4 Nf6 3.Nf3 Bg4 4.e3 e6 5.Nbd2 Be7 6.Be2 O-O 7.Ne5 Bxe2 8.Qxe2
Nbd7 9.O-O c5 10.c3 c4 11.e4 Bd6 12.Nxf7 Rxf7 13.Bxd6 Nb6 14.Ba3 Qd7 15.e5
Ne8 16.Qg4 Nc7 17.Nf3 Nb5 18.Bc5 Na4 19.Bd6 Nxd6 20.exd6 Qxd6 21.Ne5 Rf6 
22.Rae1 Nxb2 23.Rb1 Qa3 24.Rfe1 Qxc3 25.Qe2 Na4 26.Ng4 Rg6 27.Ne5 Rf6 28.
Ng4 Rf7 29.Qxe6 Qxd4 30.Rxb7 Rf8 31.Rxf7 Rxf7 32.Ne3 Nb6 33.Nf5 Qf4 34.Nd6
Qxf2+ 35.Kh1 Qf6 36.Qxf7+ Qxf7 37.Nxf7 Kxf7 38.Kg1 Kf6 39.Kf2 c3 40.Ke3 
1-0

[Event "N4 Villeneuve Tolosane-Condom 3"]
[Site "Condom"]
[Date "2006.11.26"]
[Round "2"]
[White "Pokee, Anne"]
[Black "Beaurain, Louis"]
[Result "1/2-1/2"]
[WhiteElo "1981"]
[BlackElo "1870"]
[EventDate "2006.??.??"]
[PlyCount "36"]

1.e4 e6 2.d3 d5 3.exd5 exd5 4.Nf3 Bg4 5.Be2 Nf6 6.Bf4 Bd6 7.Bg3 O-O 8.O-O 
Re8 9.Nbd2 Nh5 10.Bxd6 Qxd6 11.Re1 Nf4 12.Nf1 Nd7 13.Ne3 Nxe2+ 14.Rxe2 Ne5
15.Nxg4 Nxg4 16.h3 Nf6 17.Rxe8+ Rxe8 18.Qd2 c5 1/2-1/2